[Event "November Lviv Tradition (IM-group) (4th "]
[Site "Lviv"]
[Date "2015.11.23"]
[Round "1.1"]
[White "Shkuran, Daniil"]
[Black "Naboka, Sergey"]
[Result "1-0"]
[WhiteElo "2428"]
[BlackElo "2243"]
[PlyCount "107"]
[EventDate "2015.11.23"]

1. e4 e6 2. d4 d5 3. Nc3 Nf6 4. Bg5 Be7 5. e5 Nfd7 6. Bxe7 Qxe7 7. f4 a6 8. Nf3
c5 9. Qd2 Nc6 10. dxc5 Qxc5 11. O-O-O Nb6 12. Bd3 Bd7 13. g4 Na5 14. Ne2 Nac4
15. Bxc4 Nxc4 16. Qd4 Qa5 17. Kb1 O-O 18. Qc3 Qxc3 19. Nxc3 f6 20. exf6 Rxf6
21. Ne2 Re8 22. g5 Rff8 23. b3 Ne3 24. Rd4 Bb5 25. Ng3 Ng2 26. a4 Bc6 27. Nh5
Rc8 28. Rg1 Ne3 29. g6 h6 30. Rd3 Nf5 31. Re1 Be8 32. Rxe6 Rc6 33. Rxc6 bxc6
34. Ne5 Ne7 35. Re3 Nxg6 36. Nd3 Nh4 37. Ng3 Bg6 38. Re6 Bxd3 39. cxd3 Rf6 40.
Rxf6 gxf6 41. Kb2 Kf7 42. Kc3 Nf3 43. Kb4 Ne1 44. d4 Ke6 45. Ka5 Nc2 46. Ne2
Kd6 47. Kxa6 c5 48. Kb6 cxd4 49. a5 d3 50. Nc3 d4 51. Ne4+ Kd7 52. a6 f5 53.
Nc5+ Kd6 54. Nxd3 1-0

[Event "November Lviv Tradition (IM-group) (4th "]
[Site "Lviv"]
[Date "2015.11.23"]
[Round "1.2"]
[White "Krykun, Yuriy"]
[Black "Terletsky, Oleg"]
[Result "1-0"]
[WhiteElo "2214"]
[BlackElo "2179"]
[PlyCount "155"]
[EventDate "2015.11.23"]

1. Nf3 Nf6 2. c4 g6 3. g3 Bg7 4. Bg2 O-O 5. O-O d6 6. d4 Nbd7 7. Qc2 e5 8. Rd1
exd4 9. Nxd4 Re8 10. Nc3 Nc5 11. e4 a5 12. f3 Nfd7 13. b3 h5 14. Rb1 h4 15. a3
hxg3 16. hxg3 Ne5 17. b4 axb4 18. axb4 Ne6 19. Nxe6 Bxe6 20. c5 Qf6 21. f4 Nc6
22. Nd5 Bxd5 23. Rxd5 Nd4 24. Qd3 Ra2 25. cxd6 cxd6 26. Bb2 Rxb2 27. Rxb2 Nf3+
28. Bxf3 Qxb2 29. Rxd6 Qxb4 30. e5 Bf8 31. Rxg6+ Bg7 32. Rd6 Bf8 33. Rd7 Re7
34. Rxe7 Bxe7 35. Bd5 Kg7 36. Kg2 Bc5 37. Qf3 Qd2+ 38. Kh3 Qc2 39. Be4 Qf2 40.
Qg4+ Kf8 41. Qc8+ Kg7 42. Qg4+ Kf8 43. Qc8+ Kg7 44. Qxb7 Qf1+ 45. Bg2 Qd1 46.
Bf3 Qf1+ 47. Kh4 Qd3 48. Be4 Qd8+ 49. Kh3 Qd1 50. Kh4 Qd8+ 51. Kg4 Qb6 52. Qxb6
Bxb6 53. Kf5 Bf2 54. g4 Be3 55. Bd5 Bd2 56. Ba2 Be1 57. Bb3 Bd2 58. Bc4 Bc1 59.
Bd3 Bd2 60. g5 Bc1 61. Kg4 Bb2 62. Kf3 Bc1 63. Bc2 Bd2 64. Kg4 Bc3 65. Kh5 Bb2
66. Bb3 Bc3 67. Bxf7 Bd2 68. f5 Kxf7 69. g6+ Kg8 70. Kg4 Kg7 71. Kf3 Bc1 72.
Ke4 Ba3 73. Kd5 Bb4 74. Ke6 Bc3 75. Kd6 Bb4+ 76. Kd7 Bf8 77. e6 Kf6 78. e7 1-0

[Event "November Lviv Tradition (IM-group) (4th "]
[Site "Lviv"]
[Date "2015.11.23"]
[Round "1.3"]
[White "Pugachov, Ilia"]
[Black "Kagramanianz, Vartan"]
[Result "0-1"]
[WhiteElo "2115"]
[BlackElo "2235"]
[PlyCount "124"]
[EventDate "2015.11.23"]

1. d4 d5 2. c4 c6 3. Nf3 Nf6 4. g3 a6 5. Bg2 b5 6. c5 a5 7. O-O Bf5 8. Nbd2 e6
9. Ne5 Be7 10. h3 h6 11. Re1 O-O 12. g4 Bh7 13. Ndf3 Ne4 14. Nd2 f6 15. Nd3
Nxd2 16. Bxd2 e5 17. Be3 Nd7 18. Rc1 g5 19. f3 Re8 20. Nf2 Nf8 21. Nh1 Qc7 22.
Bf2 Rad8 23. e3 Ne6 24. Bg3 Bf8 25. Nf2 Bg7 26. Nd3 Rd7 27. a3 Nd8 28. Qd2 Nf7
29. Rcd1 Qd8 30. Kh2 f5 31. dxe5 $11 Nxe5 32. Nxe5 Bxe5 33. Bxe5 Rxe5 34. f4
Re8 35. gxf5 Bxf5 36. fxg5 hxg5 37. Qf2 Qc7+ 38. Qg3 Qxg3+ 39. Kxg3 Rde7 40.
Kf2 Kg7 41. Rd4 Be4 42. Bxe4 Rxe4 43. Rxe4 Rxe4 44. Rg1 Kf6 45. Rc1 Rh4 46. Kg3
Ke6 47. Rc2 b4 48. axb4 Rxb4 49. Rd2 Rc4 50. Rd4 Rxc5 51. Ra4 Rc2 52. Rxa5 Rxb2
53. Kg4 Rb3 54. Kxg5 Rxe3 55. h4 Rg3+ 56. Kh6 d4 57. h5 d3 58. Ra1 c5 59. Kh7
c4 60. Rh1 d2 61. h6 Re3 62. Kg7 Re1 0-1

[Event "November Lviv Tradition (IM-group) (4th "]
[Site "Lviv"]
[Date "2015.11.23"]
[Round "1.4"]
[White "Kosakowski, Jakub"]
[Black "Bunyatov, Rustam"]
[Result "1-0"]
[WhiteElo "2246"]
[BlackElo "2294"]
[PlyCount "111"]
[EventDate "2015.11.23"]

1. e4 c5 2. Nf3 d6 3. d4 cxd4 4. Nxd4 Nf6 5. Nc3 a6 6. h3 g6 7. g4 Bg7 8. Bg2
O-O 9. O-O Nfd7 10. Be3 Nc6 11. Qd2 Nde5 12. b3 Qa5 13. Rad1 Nxd4 14. Bxd4 Nc6
15. Bxg7 Kxg7 16. Nd5 Qxd2 17. Rxd2 Be6 18. Nb6 Rad8 19. Rfd1 g5 20. c4 h5 21.
f3 Rh8 22. Kf2 Rdg8 23. Rc1 hxg4 24. hxg4 f6 25. a3 Kf7 26. b4 Ne5 27. Kg3 Rd8
28. a4 Nd7 29. Nxd7 Rxd7 30. Bf1 Rc7 31. Rdc2 a5 32. b5 b6 33. Kf2 Rh2+ 34. Bg2
Rc8 35. Kg3 Rch8 36. Rc3 Bc8 37. Rd3 Bb7 38. Rcd1 Ke6 39. R3d2 Ke5 40. Rd3 R2h7
41. Rc3 Rh6 42. Rcd3 Rc8 43. Rc3 Rc5 44. Rdc1 Bc8 45. Bf1 Be6 46. Rd1 Rc8 47.
Rc2 Rh1 48. Rcc1 Rch8 49. Rd2 R8h3+ 50. Kf2 Kf4 51. Rc3 R3h2+ 52. Bg2 Ra1 53.
e5 dxe5 54. Re2 f5 55. Rce3 e4 56. Rxe4+ 1-0

[Event "November Lviv Tradition (IM-group) (4th "]
[Site "Lviv"]
[Date "2015.11.23"]
[Round "1.5"]
[White "Kryvoruchko, Vita"]
[Black "Anwesh, Upadhyaya"]
[Result "0-1"]
[WhiteElo "2205"]
[BlackElo "2409"]
[PlyCount "104"]
[EventDate "2015.11.23"]

1. c4 e6 2. Nc3 d5 3. d4 Nf6 4. Nf3 c6 5. g3 Nbd7 6. Bg2 dxc4 7. a4 Be7 8. O-O
O-O 9. e4 e5 10. d5 cxd5 11. exd5 e4 12. Ng5 Nb6 13. Ngxe4 Nbxd5 14. Nxf6+ Nxf6
15. Qe2 Be6 16. Bxb7 Rb8 17. Bg2 Qd3 18. Re1 Bc5 19. Ne4 Bd4 20. Nxf6+ Bxf6 21.
Qxd3 cxd3 22. Rd1 Rfd8 23. Bf1 Bf5 24. Ra3 Be7 25. Rc3 Bb4 26. Bf4 Bxc3 27.
Bxb8 Bxb2 28. Bxa7 d2 29. Bb6 Bc2 30. Bxd8 Bxd1 31. Ba5 Bc1 32. Bxd2 Bxd2 33.
Bb5 Kf8 34. Kg2 Ke7 35. f3 Kd6 36. h4 Kc5 37. g4 h6 38. Kf2 Kb4 39. Bc6 Bxa4
40. Bd5 Bb3 41. Be4 Kc3 42. h5 Kd4 43. Bb7 Bd5 44. Ba6 Bg5 45. Be2 Bh4+ 46. Kg2
Ke3 47. Bd1 f6 48. Kh3 Be1 49. Kg2 Bc6 50. Kf1 Bxf3 51. Kxe1 Bxd1 52. Kxd1 Kf4
0-1

[Event "November Lviv Tradition (IM-group) (4th "]
[Site "Lviv"]
[Date "2015.11.24"]
[Round "2.2"]
[White "Bunyatov, Rustam"]
[Black "Kryvoruchko, Vita"]
[Result "1-0"]
[WhiteElo "2294"]
[BlackElo "2205"]
[PlyCount "93"]
[EventDate "2015.11.23"]

1. e4 e5 2. Nf3 Nc6 3. Bc4 Nf6 4. d3 Be7 5. O-O O-O 6. Re1 d6 7. c3 Na5 8. Bb5
a6 9. Ba4 b5 10. Bc2 c5 11. Nbd2 Re8 12. Nf1 Nc6 13. Bg5 Be6 14. Ne3 Ng4 15.
Bxe7 Nxe7 16. Ng5 Nxe3 17. fxe3 Qd7 18. Rf1 Bg4 19. Qe1 f6 20. Nf3 Rec8 21. Qg3
Ng6 22. Rf2 Rab8 23. Raf1 a5 24. h3 Be6 25. Bd1 a4 26. a3 b4 27. h4 bxa3 28.
bxa3 Bg4 29. Bxa4 Qxa4 30. Qxg4 Qxa3 31. h5 Nf8 32. h6 Rc7 33. Nh4 Qxc3 34.
Rxf6 Qxd3 35. Nf5 g6 36. Rxd6 Qa3 37. Qg5 c4 38. Kh2 Re8 39. Rf6 Rd7 40. Ng7
Rc8 41. Qxe5 c3 42. Ne6 c2 43. Rxf8+ Rxf8 44. Rxf8+ Qxf8 45. Nxf8 Kxf8 46. Qc5+
Re7 47. Qxc2 1-0

[Event "November Lviv Tradition (IM-group) (4th "]
[Site "Lviv"]
[Date "2015.11.24"]
[Round "2.3"]
[White "Kagramanianz, Vartan"]
[Black "Kosakowski, Jakub"]
[Result "1/2-1/2"]
[WhiteElo "2235"]
[BlackElo "2246"]
[PlyCount "61"]
[EventDate "2015.11.23"]

1. d4 Nf6 2. Nf3 g6 3. Bg5 Bg7 4. Nbd2 d5 5. e3 O-O 6. Be2 Nbd7 7. O-O c5 8. c3
b6 9. h3 Bb7 10. a4 Re8 11. Bf4 a6 12. Ne5 Nxe5 13. Bxe5 Nd7 14. Bxg7 Kxg7 15.
b4 e5 16. dxe5 Nxe5 17. Nf3 Qf6 18. bxc5 bxc5 19. Qb3 Rab8 20. Nxe5 Qxe5 21.
Bf3 Ba8 22. Qa3 d4 23. cxd4 cxd4 24. exd4 Qxd4 25. Bxa8 Rxa8 26. Rad1 Qe5 27.
Rd6 Re6 28. Rxe6 Qxe6 29. Qc3+ Qf6 30. Qxf6+ Kxf6 31. Rb1 $11 1/2-1/2

[Event "November Lviv Tradition (IM-group) (4th "]
[Site "Lviv"]
[Date "2015.11.24"]
[Round "2.4"]
[White "Terletsky, Oleg"]
[Black "Pugachov, Ilia"]
[Result "1-0"]
[WhiteElo "2179"]
[BlackElo "2115"]
[PlyCount "65"]
[EventDate "2015.11.23"]

1. e4 c5 2. Nf3 d6 3. d4 cxd4 4. Nxd4 Nf6 5. Nc3 Nc6 6. Bc4 e6 7. Be3 Be7 8.
Qe2 O-O 9. O-O-O a6 10. Bb3 Qc7 11. g4 Nxd4 12. Rxd4 Nd7 13. g5 Nc5 14. Qh5 g6
15. Qe2 b5 16. h4 Nxb3+ 17. axb3 Bb7 18. h5 b4 19. hxg6 fxg6 20. Rxb4 d5 21.
Rb6 d4 22. Bxd4 Bxg5+ 23. Kb1 e5 24. Bc5 Rf7 25. b4 Be7 26. Qc4 Raf8 27. Nd5
Bxd5 28. exd5 Bxc5 29. bxc5 Rf4 30. Qxa6 Rxf2 31. Rb7 Qxc5 32. Qe6+ R2f7 33.
Rf1 1-0

[Event "November Lviv Tradition (IM-group) (4th "]
[Site "Lviv"]
[Date "2015.11.24"]
[Round "2.5"]
[White "Shkuran, Daniil"]
[Black "Krykun, Yuriy"]
[Result "1-0"]
[WhiteElo "2428"]
[BlackElo "2214"]
[PlyCount "123"]
[EventDate "2015.11.23"]

1. e4 c5 2. Nf3 d6 3. d4 cxd4 4. Nxd4 Nf6 5. Nc3 Nc6 6. g3 e5 7. Nde2 Bg4 8.
Bg2 Nd4 9. Qd3 Nxe2 10. Nxe2 Be7 11. c4 O-O 12. Nc3 h6 13. h3 Be6 14. b3 a6 15.
a4 Qb6 16. Qc2 Qc7 17. O-O Bd7 18. a5 b6 19. axb6 Qxb6 20. Be3 Qb7 21. f4 Bc6
22. fxe5 dxe5 23. Nd5 Ne8 24. b4 Bxb4 25. Rab1 a5 26. Nxb4 axb4 27. Bc5 Ba4 28.
Qb2 Nf6 29. Bxf8 Rxf8 30. Qxb4 Qc6 31. Rb2 Nd7 32. Qa5 Rc8 33. Kh2 Nc5 34. Rfb1
Kh7 35. Rb8 Rc7 36. R1b6 Qd7 $11 37. Qa8 Bc6 38. Rh8+ Kg6 39. Qg8 Ne6 40. Qh7+
Kf6 41. Qf5+ Ke7 42. Qxe5 Qd2 43. Rb2 Qc1 44. Rf2 f6 45. Rxf6 gxf6 46. Rh7+ Kd8
47. Qxf6+ Kc8 48. Qxe6+ Kb7 49. Qxh6 Qxc4 50. Rxc7+ Kxc7 51. Qf4+ Kd7 52. h4
Qe2 53. Qf3 Qe1 54. Qf5+ Ke7 55. Qc5+ Kd7 56. Qf5+ Ke7 57. Qh7+ Kd8 58. Qh8+
Ke7 59. h5 Qe2 60. Qg7+ Kd8 61. Qg5+ Kc7 62. h6 1-0

[Event "November Lviv Tradition (IM-group) (4th "]
[Site "Lviv"]
[Date "2015.11.24"]
[Round "3.1"]
[White "Krykun, Yuriy"]
[Black "Naboka, Sergey"]
[Result "1/2-1/2"]
[WhiteElo "2214"]
[BlackElo "2243"]
[PlyCount "120"]
[EventDate "2015.11.23"]

1. Nf3 Nf6 2. c4 e6 3. g3 b6 4. Bg2 Bb7 5. O-O Be7 6. Nc3 O-O 7. d4 Ne4 8. Qc2
f5 9. Nd2 Nxc3 10. Qxc3 Bxg2 11. Kxg2 Bf6 12. Nf3 c5 13. Qd2 cxd4 14. Nxd4 Nc6
15. Nxc6 dxc6 16. Rd1 Qxd2 17. Rxd2 Rfd8 18. Rb1 Kf7 19. Kf1 g5 20. h3 h5 21.
b3 e5 22. f3 Ke6 23. Rxd8 Rxd8 24. Be3 f4 25. Bf2 e4 26. gxf4 gxf4 27. fxe4 Ke5
28. a4 Kxe4 29. a5 c5 30. axb6 axb6 31. b4 Bd4 32. bxc5 bxc5 33. Rb7 Re8 34.
Rd7 Be3 35. Rd5 Re5 36. Rd8 Rg5 37. Rd7 Re5 38. Rd8 f3 39. Bxe3 Kxe3 40. Rd3+
Ke4 41. Rxf3 Kd4 42. Rf4+ Re4 43. Rf5 h4 44. Kf2 Kxc4 45. Kf3 Rd4 46. e4 Rd1
47. Kg4 Kb4 48. Kxh4 c4 49. Rf8 Rd6 50. Kg5 c3 51. Rf1 c2 52. Rc1 Rd2 53. e5
Kc5 54. e6 Kd6 55. Kf4 Kxe6 56. Ke3 Rh2 57. Kd3 Kd5 58. Kc3 Ke4 59. Rxc2 Rxc2+
60. Kxc2 Kf4 $11 1/2-1/2

[Event "November Lviv Tradition (IM-group) (4th "]
[Site "Lviv"]
[Date "2015.11.24"]
[Round "3.2"]
[White "Pugachov, Ilia"]
[Black "Shkuran, Daniil"]
[Result "1/2-1/2"]
[WhiteElo "2115"]
[BlackElo "2428"]
[PlyCount "53"]
[EventDate "2015.11.23"]

1. d4 Nf6 2. c4 g6 3. Nc3 Bg7 4. Nf3 O-O 5. g3 d6 6. Bg2 c6 7. O-O Qa5 8. e4 e5
9. Rb1 Bg4 10. d5 cxd5 11. cxd5 Na6 12. h3 Bd7 13. a3 Qd8 14. Bg5 h6 15. Be3
Ne8 16. b4 f5 17. Rc1 Nec7 18. Re1 Qe8 19. Kh2 Nb5 20. Nxb5 Bxb5 21. exf5 gxf5
22. Nh4 Qd7 23. Qh5 Qf7 24. Qd1 Bd7 25. f4 Rfc8 26. Qd2 e4 27. g4 $11 1/2-1/2

[Event "November Lviv Tradition (IM-group) (4th "]
[Site "Lviv"]
[Date "2015.11.24"]
[Round "3.3"]
[White "Kosakowski, Jakub"]
[Black "Terletsky, Oleg"]
[Result "1-0"]
[WhiteElo "2246"]
[BlackElo "2179"]
[PlyCount "87"]
[EventDate "2015.11.23"]

1. e4 e5 2. Nf3 Nc6 3. Bb5 a6 4. Ba4 Nf6 5. O-O Be7 6. Re1 b5 7. Bb3 d6 8. c3
O-O 9. h3 Bb7 10. d4 Re8 11. Nbd2 Bf8 12. a3 h6 13. Bc2 Qd7 14. b3 Rad8 15. Bb2
g6 16. d5 Ne7 17. c4 c5 18. b4 Rc8 19. bxc5 Rxc5 20. Bd3 Nh5 21. Nb3 Rcc8 22.
c5 dxc5 23. Nxe5 Qd6 24. Qf3 f5 25. exf5 Bxd5 26. Be4 Bxe4 27. Rxe4 Nxf5 28. g4
Nf6 29. Ree1 Nh4 30. Qg3 g5 31. Rad1 Qc7 32. f4 Qb7 33. fxg5 hxg5 34. Rf1 Bg7
35. Na5 Qb6 36. Nd7 Nxd7 37. Bxg7 c4+ 38. Bd4 Qg6 39. Bc3 Nc5 40. Rd6 Re6 41.
Nc6 Rxc6 42. Rd8+ Re8 43. Qe5 Kh7 44. Qh8+ 1-0

[Event "November Lviv Tradition (IM-group) (4th "]
[Site "Lviv"]
[Date "2015.11.24"]
[Round "3.4"]
[White "Kryvoruchko, Vita"]
[Black "Kagramanianz, Vartan"]
[Result "1/2-1/2"]
[WhiteElo "2205"]
[BlackElo "2235"]
[PlyCount "24"]
[EventDate "2015.11.23"]

1. e4 c6 2. d4 d5 3. e5 g6 4. Nf3 Bg7 5. Bd3 Na6 6. c3 Nc7 7. O-O Nh6 8. Nbd2
O-O 9. Re1 f6 10. exf6 exf6 11. Nf1 Re8 12. h3 Nf7 $11 1/2-1/2

[Event "November Lviv Tradition (IM-group) (4th "]
[Site "Lviv"]
[Date "2015.11.24"]
[Round "3.5"]
[White "Anwesh, Upadhyaya"]
[Black "Bunyatov, Rustam"]
[Result "1-0"]
[WhiteElo "2409"]
[BlackElo "2294"]
[PlyCount "113"]
[EventDate "2015.11.23"]

1. Nf3 b6 2. d4 Bb7 3. c4 g6 4. Nc3 Bg7 5. e4 e6 6. h4 h6 7. Be3 d6 8. Qc2 Ne7
9. O-O-O Nd7 10. g4 a6 11. Kb1 Qb8 12. Be2 Qa7 13. Ne1 O-O-O 14. f4 Kb8 15. Rf1
f5 16. gxf5 gxf5 17. Rg1 Rhg8 18. e5 Qa8 19. Nd3 Bf3 20. Rg3 Bxe2 21. Qxe2 Bh8
22. Rxg8 Rxg8 23. exd6 cxd6 24. Bf2 Nf8 25. Nb4 a5 26. Nc2 Nc8 27. c5 d5 28.
Na4 Qc6 29. Nxb6 Nxb6 30. cxb6 Nd7 31. Ne1 Nxb6 32. Rc1 Qd6 33. Qb5 Qb4 34.
Qxb4 axb4 35. Rc6 Nc4 36. Rxe6 Nd2+ 37. Kc2 Ne4 38. Be3 Bf6 39. h5 Rg3 40. Kd3
Rh3 41. Nc2 b3 42. axb3 Rxh5 43. Nb4 Rh2 44. Nxd5 Bd8 45. Nc3 Rxb2 46. Nxe4
fxe4+ 47. Kxe4 h5 48. Rh6 h4 49. f5 Rxb3 50. f6 Kc7 51. f7 Be7 52. Rh8 Rb5 53.
Bf4+ Kd7 54. Be5 Rb6 55. f8=Q Bxf8 56. Rxf8 Rh6 57. Rh8 1-0

[Event "November Lviv Tradition (IM-group) (4th "]
[Site "Lviv"]
[Date "2015.11.25"]
[Round "4.1"]
[White "Naboka, Sergey"]
[Black "Bunyatov, Rustam"]
[Result "1-0"]
[WhiteElo "2243"]
[BlackElo "2294"]
[PlyCount "67"]
[EventDate "2015.11.23"]

1. e4 Nf6 2. Nc3 d5 3. e5 Ne4 4. Nxe4 dxe4 5. d4 exd3 6. Bxd3 Nc6 7. Nf3 Bg4 8.
O-O Nd4 9. Nxd4 Bxd1 10. Bb5+ c6 11. Nxc6 Be2 12. Nxd8+ Bxb5 13. Nxb7 Bxf1 14.
Kxf1 e6 15. c4 Rb8 16. Na5 Bc5 17. Nb3 Rc8 18. Bd2 Bb6 19. c5 Bc7 20. Bc3 O-O
21. f4 Rfd8 22. Ke2 Rd5 23. Rd1 Rcd8 24. Rd4 g5 25. g3 gxf4 26. gxf4 Rxd4 27.
Nxd4 Rd5 28. b4 Kf8 29. Kd3 f6 30. Kc4 Kf7 31. Nxe6 Kxe6 32. f5+ Kxf5 33. Kxd5
fxe5 34. Kc6 1-0

[Event "November Lviv Tradition (IM-group) (4th "]
[Site "Lviv"]
[Date "2015.11.25"]
[Round "4.2"]
[White "Kagramanianz, Vartan"]
[Black "Anwesh, Upadhyaya"]
[Result "1/2-1/2"]
[WhiteElo "2235"]
[BlackElo "2409"]
[PlyCount "213"]
[EventDate "2015.11.23"]

1. e4 e5 2. Nf3 Nc6 3. d4 exd4 4. Nxd4 Bc5 5. Be3 Qf6 6. c3 Nge7 7. Nc2 Bxe3 8.
Nxe3 Qe5 9. Bd3 d5 10. Nd2 dxe4 11. Bxe4 Be6 12. Bxc6+ Nxc6 13. Nf3 Qh5 14. O-O
Rd8 15. Qa4 O-O 16. Qf4 Rd7 17. Qg5 Qxg5 18. Nxg5 Rd2 19. Nxe6 fxe6 20. b4 Ne5
21. a4 Rfd8 22. Rfd1 Kf7 23. Rxd2 Rxd2 24. Rd1 Rxd1+ 25. Nxd1 Ke7 26. Kf1 Kd6
27. Ke2 c5 28. f4 Ng4 29. h3 Nf6 30. Ne3 cxb4 31. cxb4 Nd5 32. Nxd5 Kxd5 33.
Kd3 e5 34. fxe5 Kxe5 35. Ke3 Kd5 36. Kd3 h6 37. h4 h5 38. a5 g6 39. g3 b6 40.
axb6 axb6 41. Kc3 Ke4 42. Kc4 Kf3 43. Kb5 Kxg3 44. Kxb6 Kxh4 45. b5 g5 46. Kc7
g4 47. b6 g3 48. b7 g2 49. b8=Q g1=Q 50. Qb4+ Qg4 51. Qe7+ Kh3 52. Qf8 Kg3 53.
Kd8 Qd4+ 54. Ke8 h4 55. Qg8+ Kf3 56. Qa2 h3 57. Qh2 Qh8+ 58. Ke7 Qg7+ 59. Kd8
Qg5+ 60. Kc8 Qg4+ 61. Kd8 Qg2 62. Qd6 Qg5+ 63. Kd7 Qf5+ 64. Kd8 Qf4 65. Qd1+
Kg3 66. Qg1+ Kh4 67. Qe1+ Kg5 68. Qg1+ Kf5 69. Qb1+ Kf6 70. Qe1 Qe5 71. Qf1+
Qf5 72. Qe1 Kg6 73. Qh1 Qd3+ 74. Kc8 Qc2+ 75. Kd8 h2 76. Ke8 Qe2+ 77. Kd8 Qd2+
78. Ke8 Kg5 79. Qe4 Qf4 80. Qg2+ Kh4 81. Qh1 Qe3+ 82. Kd7 Kg3 83. Qd5 Qf3 84.
Qe5+ Qf4 85. Qc3+ Kf2 86. Qc2+ Kf3 87. Qd1+ Kg3 88. Qe1+ Qf2 89. Qe5+ Kg2 90.
Qg5+ Qg3 91. Qd5+ Qf3 92. Qg5+ Kh3 93. Qh6+ Kg3 94. Qd6+ Qf4 95. Qd3+ Kf2 96.
Qc2+ Ke1 97. Qb1+ Ke2 98. Qb5+ Kf2 99. Qc5+ Kg3 100. Qc3+ Qf3 101. Qe5+ Kh3
102. Qh8+ Kg2 103. Qg7+ Qg3 104. Qb2+ Kf1 105. Qc1+ Qe1 106. Qf4+ Kg2 107. Qg4+
1/2-1/2

[Event "November Lviv Tradition (IM-group) (4th "]
[Site "Lviv"]
[Date "2015.11.25"]
[Round "4.3"]
[White "Terletsky, Oleg"]
[Black "Kryvoruchko, Vita"]
[Result "1/2-1/2"]
[WhiteElo "2179"]
[BlackElo "2205"]
[PlyCount "210"]
[EventDate "2015.11.23"]

1. e4 c5 2. Nf3 d6 3. d4 cxd4 4. Nxd4 Nf6 5. Nc3 a6 6. Be3 e6 7. f3 b5 8. Qd2
Bb7 9. a4 b4 10. Na2 a5 11. Bb5+ Nfd7 12. c3 bxc3 13. Qxc3 Be7 14. Rc1 O-O 15.
Qc7 Nc5 16. Rxc5 dxc5 17. Qxb7 cxd4 18. Bf4 Na6 19. Bxa6 Bd6 20. Bxd6 Qxd6 21.
Bb5 d3 22. Qd7 Qe5 23. Nc3 Rfd8 24. Qe7 Qd4 25. Qg5 d2+ 26. Ke2 Qb4 27. Nd1 Rd4
28. Qe3 Rad8 29. Qc3 Qd6 30. Qxa5 f5 31. exf5 exf5 32. Qc3 Kh8 33. g3 f4 34.
Kf2 Rd5 35. Kg2 Rg5 36. g4 h5 37. h3 Rd5 38. Rf1 Qe7 39. Qc4 Qf6 40. Qe2 R5d6
41. Bc4 Qg5 42. Rh1 Qh4 43. Qf2 Qe7 44. a5 Rh6 45. b3 hxg4 46. hxg4 Rxh1 47.
Kxh1 Qe1+ 48. Kg2 Rd6 49. a6 Rh6 50. Bf1 Qxd1 51. a7 Qa1 52. Qxd2 Qxa7 53. Qd8+
Kh7 54. Bd3+ g6 55. Bc2 Qf7 56. b4 Kg7 57. Qd4+ Kf8 58. b5 g5 59. Qd8+ Qe8 60.
Qxe8+ Kxe8 61. Be4 Rd6 62. Kf2 Rd2+ 63. Ke1 Rb2 64. Bc6+ Ke7 65. Kd1 Kd6 66.
Kc1 Rb4 67. Kc2 Kc5 68. Kd3 Rd4+ 69. Kc3 Rd1 70. Kc2 Re1 71. Kd3 Re3+ 72. Kc2
Kb4 73. Kd2 Kc5 74. Kc2 Kd4 75. Kb2 Rc3 76. Be4 Rc5 77. Bc6 Kc4 78. Kc2 Kd4+
79. Kb3 Rc1 80. Kb4 Rb1+ 81. Ka5 Kc5 82. Ka6 Rh1 83. Kb7 Rh7+ 84. Kc8 Kd6 85.
Be4 Rh8+ 86. Kb7 Kc5 87. Bc6 Rh1 88. Kc7 Rh7+ 89. Bd7 Rh6 90. Kd8 Rh3 91. Bc6
Kd6 92. Ke8 Rh7 93. Kf8 Rc7 94. Be4 Kc5 95. Bc6 Kb6 96. Ke8 Rh7 97. Kf8 Ra7 98.
Ke8 Kc5 99. Kd8 Rh7 100. Be4 Rg7 101. Bc6 Kd6 102. Ke8 Kc7 103. Kf8 Rh7 104.
Be4 Rd7 105. Bc6 Rh7 $11 1/2-1/2

[Event "November Lviv Tradition (IM-group) (4th "]
[Site "Lviv"]
[Date "2015.11.25"]
[Round "4.4"]
[White "Shkuran, Daniil"]
[Black "Kosakowski, Jakub"]
[Result "0-1"]
[WhiteElo "2428"]
[BlackElo "2246"]
[PlyCount "104"]
[EventDate "2015.11.23"]

1. e4 e5 2. Nf3 Nc6 3. Bb5 a6 4. Ba4 Nf6 5. Qe2 b5 6. Bb3 Be7 7. c3 O-O 8. O-O
d5 9. d3 Bb7 10. Rd1 Re8 11. Nbd2 Bf8 12. Nf1 h6 13. Ne3 Na5 14. Bc2 c5 15. h3
Qb6 16. Ng4 Rad8 17. Ngxe5 dxe4 18. dxe4 Rxd1+ 19. Qxd1 Nxe4 20. Qd7 Qe6 21.
Bf4 Bd6 22. Qxe6 Rxe6 23. a4 Nc4 24. axb5 Nxe5 25. Bxe5 Bxe5 26. bxa6 Ba8 27.
Bxe4 Bxe4 28. Nxe5 Rxe5 29. Ra5 Re8 30. Rxc5 Ra8 31. Ra5 Kf8 32. a7 Bb7 33. c4
Ke7 34. b4 Kd6 35. f3 Kc6 36. Kf2 Bc8 37. Ke3 Kb7 38. Kd4 Rxa7 39. Rxa7+ Kxa7
40. Kc5 Be6 41. b5 Kb7 42. g4 Kc7 43. f4 f5 44. b6+ Kb7 45. gxf5 Bxf5 46. h4 g6
47. Kb5 Bd7+ 48. Ka5 h5 49. c5 Kc6 50. Kb4 Be6 51. Ka5 Bc4 52. Kb4 Bd5 0-1

[Event "November Lviv Tradition (IM-group) (4th "]
[Site "Lviv"]
[Date "2015.11.25"]
[Round "4.5"]
[White "Krykun, Yuriy"]
[Black "Pugachov, Ilia"]
[Result "1/2-1/2"]
[WhiteElo "2214"]
[BlackElo "2115"]
[PlyCount "119"]
[EventDate "2015.11.23"]

1. Nf3 d5 2. c4 d4 3. g3 Nc6 4. Bg2 e5 5. O-O Nf6 6. d3 Be7 7. b4 Bxb4 8. Nxe5
Nxe5 9. Qa4+ Nfd7 10. Qxb4 c5 11. Qa3 O-O 12. Nd2 Nc6 13. Nb3 Re8 14. Re1 Nb4
15. Nxd4 Ne5 16. Bb2 a5 17. Nb5 Nc2 18. Qxc5 Nxe1 19. Bxe5 Nxg2 20. Kxg2 b6 21.
Qc7 Qxc7 22. Bxc7 Rxe2 23. Bxb6 Bd7 24. Nc7 Rb8 25. Bxa5 Rbb2 26. Be1 Bf5 27.
Rd1 Rxa2 28. Nd5 Ra3 29. Nf4 Rc2 30. h4 h6 31. h5 $11 Rb3 32. Kf1 Bg4 33. Ra1
Bf3 34. Kg1 Kh7 35. Kf1 Rb7 36. Kg1 Rd7 37. Bb4 g5 38. hxg6+ fxg6 39. c5 g5 40.
Ng2 Bxg2 41. Kxg2 Rxd3 42. Ra7+ Kg6 43. Ra6+ Kf5 44. Rxh6 Rb3 45. Rb6 Rbb2 46.
Be1 Rxb6 47. cxb6 Rb2 48. Bc3 Rxb6 49. Bd4 Rb3 50. Be3 g4 51. Bd4 Ke4 52. Bc5
Kd5 53. Ba7 Ke5 54. Bc5 Ke4 55. Ba7 Kd5 56. Be3 Rxe3 57. fxe3 Ke4 58. Kf2 Kd3
59. e4 Kxe4 60. Ke2 $11 1/2-1/2

[Event "November Lviv Tradition (IM-group) (4th "]
[Site "Lviv"]
[Date "2015.11.25"]
[Round "5.1"]
[White "Pugachov, Ilia"]
[Black "Naboka, Sergey"]
[Result "0-1"]
[WhiteElo "2115"]
[BlackElo "2243"]
[PlyCount "119"]
[EventDate "2015.11.23"]

1. d4 Nf6 2. c4 c5 3. d5 e6 4. Nc3 exd5 5. cxd5 Bd6 6. Nf3 O-O 7. e4 Bc7 8. Bd3
d6 9. h3 Re8 10. O-O Ba5 11. Re1 Nbd7 12. Bf4 c4 13. Bxc4 Bxc3 14. bxc3 Rxe4
15. Rxe4 Nxe4 16. Qd4 Ndc5 17. Re1 Bf5 18. Bd3 Ng3 19. Bb5 a6 20. Bxg3 axb5 21.
Qf4 Bg6 22. Qxd6 Ne4 23. Qxd8+ Rxd8 24. Nd4 f5 25. d6 Nxg3 26. fxg3 Rxd6 27.
Re6 Rxe6 28. Nxe6 Bf7 29. Nd4 g6 30. a3 Bc4 31. Kf2 Kf7 32. h4 Ke7 33. h5 Kd6
34. hxg6 hxg6 35. Ke3 Kc5 36. Nf3 Bd5 37. Nd2 Bxg2 38. Kf4 Be4 39. g4 Bc2 40.
g5 Bd1 41. Nf1 Kb6 42. Ne3 Bb3 43. Ke5 Ka5 44. Ng2 Ka4 45. Nf4 Kxa3 46. Nxg6
Kb2 47. Kd4 Bf7 48. Ne5 Bg8 49. g6 Kb3 50. Nd3 b6 51. g7 Bh7 52. Nf4 Bg8 53.
Nd5 Bf7 54. Nxb6 f4 55. Nd5 f3 56. Ne3 f2 57. Kd3 Bg8 58. Kd4 Bh7 59. Nf1 Kc2
60. c4 {Time} 0-1

[Event "November Lviv Tradition (IM-group) (4th "]
[Site "Lviv"]
[Date "2015.11.25"]
[Round "5.2"]
[White "Kosakowski, Jakub"]
[Black "Krykun, Yuriy"]
[Result "1/2-1/2"]
[WhiteElo "2246"]
[BlackElo "2214"]
[PlyCount "60"]
[EventDate "2015.11.23"]

1. e4 c5 2. Nf3 d6 3. d4 cxd4 4. Nxd4 Nf6 5. Nc3 Nc6 6. Bg5 Bd7 7. Qd2 Rc8 8.
f4 Nxd4 9. Qxd4 Qa5 10. e5 dxe5 11. fxe5 e6 12. O-O-O Bc6 13. Nb5 Bxb5 14. exf6
Bc6 15. h4 g6 16. Bc4 Qc5 17. Bxe6 Qxd4 18. Bxc8 Qe4 19. Rhe1 Qxe1 20. Rxe1+
Kd8 21. Bh3 Bd6 22. Rd1 Kc7 23. Rd3 Be5 24. Kd2 h6 25. Be3 Bxf6 26. Bf4+ Kb6
27. Be3+ Kc7 28. Bf4+ Kb6 29. Be3+ Kc7 30. Bf4+ Kb6 1/2-1/2